Colorado City Quiz - Statistics

General Stats
  • This quiz has been taken 29 times
  • The average score is 9 of 14
Answer Stats
Hint Answer % Correct
Capital & Largest city Denver
100%
Third largest city, a couple minutes east of the capital Aurora
95%
Second largest city, also where OneRepublic comes from Colorado Springs
95%
Popular skiing town (starts with V) Vail
84%
Another popular skiing town (starts with A) Aspen
79%
City northwest of the capital, also was the home of a nickelodeon show Boulder
74%
Small town in the southeast part of the state that shares a name with the capital of Illinois Springfield
68%
Decent sized town on I-70 named after a type of gun Rifle
58%
Town closest to Rocky Mountain National Park Estes Park
53%
Sizable city off of I-70 heading west Grand Junction
53%
Decent sized city closest to Mesa Verde (starts with C) Cortez
42%
Small town in northwest Colorado, named after a prehistoric reptile Dinosaur
42%
Town where Red Rocks park & Amphitheater is located (starts with M) Morrison
42%
Small town with a rather interesting name outside of Glenwood Springs (two words, both start with N) No Name
11%
No matching quizzes found
Score Distribution
Percent of People with Each Score
Percentile by Number Answered
Your Score History
You have not taken this quiz